01147nam a2200277Ia 450000500170000000800410001702000150005804100080007310000210008124501360010225000290023830000330026749000260030052002180032665000350054465000300057965000330060970000360064270000310067826400260070933600270073533700330076233800280079504000350082308400110085820220316235318.0121119s2002 ck a gr 000 f spa  a958041307X1 aspa1 aInkiow, Dimiter 10aDe cómo decidí convertirme en hermano mayorcDimiter Inkiow ; traducción de Rafael Arteaga ; ilustraciones de Michaela Reiner aVigésima reimpresión a106 páginasbilustraciones0 aTorre de papel : roja3 aClaudio quería tener un hermano mayor que lo defendiera en la escuela, como les secedía a Gaby y a Pedro, sus compañeros de clase. Pero, como esto era imposible, decidió convertirse él en hermano mayor..14aNovela bulgaraySiglo XX2LEMB14aLiteratura infantil2LEMB14aNarraciones realistas 2LEMB1 aReiner, Michaelaeilustraciones1 aArteaga, Rafaeletraductor aBogotábNormac2002 atextobtxt2rdacontent asin mediaciónbn2rdamedia avolumenbnc2rdacarrier aCO-BoRNBPbspaerdacCO-BoRNBP aN INK1